|
|
|
|
| LEADER |
00808nab a2200169 i 4500 |
| 001 |
acta5886 |
| 005 |
20210531124053.0 |
| 008 |
161015s1933 hu o 0|| hun d |
| 040 |
|
|
|a SZTE Egyetemi Kiadványok Repozitórium
|b hun
|
| 041 |
|
|
|a hun
|
| 100 |
1 |
|
|a Benczur Béla
|
| 245 |
1 |
0 |
|a Békésszentandrás természeti, települési és társadalmi viszonyai.
|h [elektronikus dokumentum] /
|c Benczur Béla
|
| 260 |
|
|
|c 1933
|
| 300 |
|
|
|a 163-224
|
| 490 |
0 |
|
|a Acta litterarum ac scientiarum regiae Universitatis Hungaricae Francisco-Josephinae = A M. Kir. Ferencz József Tudományegyetem tudományos közleményei : sectio geographico-historica = a földrajz és történettudományok köréből
|v 2
|
| 695 |
|
|
|a Földrajztudomány
|
| 856 |
4 |
0 |
|u http://acta.bibl.u-szeged.hu/5886/1/geohist_002_163-224.pdf
|z Dokumentum-elérés
|